zpět

Detail výsledku týmu

Hasičárna Na Vyhlídce, Ostrava

Datum a čas kvízu

34.5 Celkem bodů Celkový počet nahraných bodů na tomto kvízu bez doplňovacích otázek.
2. Pořadí na kvízu Konečné umístění týmu na tomto kvízu.

Zaznamenané odpovědi

# Otázka Odpověď Body Výsledky
1. Vatikán minulé pondělí oznámil... Stanislav Přibyl 1
2. Jeden americký stát zasáhla vl... Florida 0
3. Vstup ke které římské památce... k fontáně di Trevi 1
4. Která fiktivní postava z fanta... B) Draco Malfoy 0
5. Ještě před slavnostním zahájen... vyčural nápis do sněhu 0
6. 29. května roku 1500 umírá pob... Bartolomeu Dias 0
7. 8. února 1700 se narodil Danie... A) proudění tekutin 1
8. Za kulatý letopočet budeme dne... Burgtheater 0
9. 19. března 1900 se v Paříži na... Frédéric Joliot-Curie 1
10. Od 15. září do 1. října 2000 s... Jan Železný; Sydney 0.5